Consulta técnica sobre programas a distancia para la capacitación de administradores de la educación básica y de programas de alfabetización: informe

Gardado en:
Detalles Bibliográficos
Autor Corporativo: UNESCO (Author)
Formato: Libro
Idioma:Lingua castelá
Publicado: Santiago UNESCO-OREALC 1985
Subjects:
Tags: Engadir etiqueta
Sen Etiquetas, Sexa o primeiro en etiquetar este rexistro!

MARC

LEADER 00000nam a2200000 a 4500
001 UCW3913
003 CL-VaPUC
008 890602e19850000CL |||||||||||||||||spa|d
082 0 4 |a 374.4  |b UNE  |2 21 
110 2 |a UNESCO  |e author  |9 308342 
245 1 0 |a Consulta técnica sobre programas a distancia para la capacitación de administradores de la educación básica y de programas de alfabetización: informe 
300 |a 119 p 
942 |c BK 
945 |d 19890602 00:00:00 
260 |a Santiago  |b UNESCO-OREALC  |c 1985 
650 0 |a Educación a distancia   |9 308343 
650 0 |a Administradores escolares   |9 308344 
650 0 |a Formación profesional de profesores  |9 307493 
583 |a last modification  |c 19890602 00:00:00  |k Rodrigo Vera 
999 |c 217770  |d 217768 
952 |0 0  |1 0  |4 0  |6 374_400000000000000_UNE_1985  |7 0  |8 P  |9 206180  |a BIBEDU  |b BIBEDU  |c BIBEDU_PB  |d 2019-11-15  |i 2739585  |o 374.4 UNE 1985  |p 2739585  |r 2024-01-25  |w 2019-11-15  |y BK  |k EDU